| 000 | 00440nam a22001217a 4500 | ||
|---|---|---|---|
| 082 | _a220 PRO | ||
| 100 |
_aAhmed Fazal Sami Ahmed Usman Javed Butt Hamza Waseem Malik _971958 |
||
| 245 | _aPR-SOF-1686-Improvement and Modification of A3-2-40 Diesel Engine Fluid Coupling Test Bench | ||
| 260 |
_aISLAMABAD _bNUST COLLEGE OF EME _c2018 |
||
| 650 | _aDE-MTS-36 | ||
| 700 |
_aSupervised by Col. Nasir Rashid Dr. Ameer Hamza _971959 |
||
| 942 | _cCR | ||
| 999 |
_c578209 _d578209 |
||